Balkan Capital Cities - Statistics

General Stats
  • This quiz has been taken 89 times
  • The average score is 8 of 10
Answer Stats
Country Answer % Correct
Bulgaria Sofia
88%
Bosnia and Herzegovina Sarajevo
87%
Croatia Zagreb
87%
Serbia Belgrade
83%
Romania Bucharest
83%
Kosovo Pristina
78%
Albania Tirana
78%
Macedonia Skopje
75%
Montenegro Podgorica
73%
Moldova Chisinau
57%
No matching quizzes found
Score Distribution
Percent of People with Each Score
Percentile by Number Answered
Your Score History
You have not taken this quiz